История России: #11: Смута - Statistics

General Stats
  • This quiz has been taken 154 times
    130 since last reset
  • The average score is 17 of 49
Answer Stats
Вопрос Ответ % Correct
Главы 2-ого ополчения К.М. Минин, Д.М.Пожарский, Д.Т. Трубецкой
67%
Смерть Федора Иоанновича 1598
64%
Правительство в 1610-1612 Семибоярщина
62%
Жена Лжедмитрия I Марина Мнишек
61%
Свержение Василия Шуйского 1610
60%
Смерть Бориса Годунова 1605
59%
Город, в котором умер царевичДмитрий Иоаннович Углич
57%
Образование 2-ого ополчения 1612
55%
Образование 1-ого ополчения 1611
54%
Настоящее имя Лжедмитрия I Григорий Отрепьев
52%
Город, ставший центром образования 2-ого ополчения Нижний Новгород
48%
Осада Тулы, окончание восстаниеИ.И. Болотников 1607
48%
Осада Москвы И.И. Болотниковым 1606
47%
Осада Калуги, крупное поражениеИ.И. Болотникова 1607
46%
Битва при Добрыничах, разгром войск Лжедмитрия I 1605
44%
Король Польши 1587-1632 Сигизмунд III
44%
Главы 1-ого ополчения Д.Т. Трубецкой,
П.П. Ляпунов, И.М.
Заруцкий
43%
Шедевр русской металлургии, отлитый в 1586 году Царь-пушка
41%
Первый патриарх Иов
40%
Патриарх в 1606-1611 годах, призывавший противостоять полякам Гермоген
38%
Смерть Дмитрия Иоанновича 1591
37%
Клушинская битва 1610
36%
Первый крупный русски морскойпорт, основанный в 1584 Архангельск
34%
Введение патриаршества 1589
34%
Город, ставший центром образования 1-ого ополчения Рязань
33%
Польский претендент на русский престол Владислав Ваза
30%
Выборгский трактат 1609
28%
Осада Москвы ополчениями 1611-1612
27%
Монастырь, из которого сбежалЛжедмитрий I Чудов монастырь
26%
Московское восстание 1606
26%
Договор с поляками о возведениикоролевича на русский престол 1610
26%
Восстание Хлопка 1601-1603
25%
Русский военноначальник, заключивший Выборгский трактат М.В. Скопин-Шуйский
25%
Калязинская битва 1610
24%
Зодчий, под руководством которогобыл сооружен смоленский Кремль Ф.С. Конь
23%
Троицкая осада 1608-1610
23%
Глава шведского военного корпуса Якоб Делагарди
22%
Люди, постоянно переезжающиемежду Москвой и Тушино Перелеты
22%
Русско-шведская война в правление Федора Иоанновича 1590-1595
22%
Договор, завершивший русско-шведскую войну правления Федора Иоанновича Тявзинский мир
21%
Польский военноначальник, заключивший договор с боярами СтаниславЖолкевский
19%
Осада Смоленска польскимивойсками 1609-1611
18%
Сторонник И.И. Болотникова, военноначальник, выдававший себя за сына Федора Иоанновича, известен как Лжепетр Илейко Муромец
16%
Вулкан, извержение которогомогло стать одной из причин Смуты Уайнапутина
16%
Прозвище Федора Иоанновича,данное ему отцом Звонарь
16%
Город, во время которой произошелмятеж и переход армии на сторону Лжедмитрия I Кромы
15%
Главы польских наемников, разорявших Русское царство Я.П. Сапега, А.Ю.Лисовский
15%
Тушинский лагерь 1608-1610
12%
Политика удовлетворения нуждармии Лжедмитрия II Приставство
1%
No matching quizzes found
Score Distribution
Percent of People with Each Score
Percentile by Number Answered
Your Score History
You have not taken this quiz since the last reset